Chữ ký số, chứng chỉ số và cơ sở hạ tầng khoá công khai : Các vấn đề kỹ thuật và ứng dụng

Giới thiệu về khái niệm giao dịch điện tử, an toàn và sự cần thiết áp dụng kỹ thuật mật mã trong giao dịch điện tử; sơ lược về các kỹ thuật mật mã; khái quát - phân loại - kỹ thuật tạo - ứng dụng - các chuẩn của chữ ký số hiện hà...

全面介绍

Đã lưu trong:
书目详细资料
主要作者: Đỗ Xuân Bình
格式: 图书
语言:Vietnamese
出版: H. Bưu Điện 2007
主题:
标签: 添加标签
没有标签, 成为第一个标记此记录!
Thư viện lưu trữ: Thư viện Trường Đại học Nam Cần Thơ
LEADER 01496nam a22001937a 4500
001 NCT_143934
008 200309b xxu||||| |||| 00| 0 vie d
999 |c 7411  |d 7411 
020 |c 36000 
082 0 4 |2 23rd ed.  |a 005.82  |b B312 
100 1 |a Đỗ Xuân Bình 
245 1 0 |a Chữ ký số, chứng chỉ số và cơ sở hạ tầng khoá công khai :   |b Các vấn đề kỹ thuật và ứng dụng  |c Đỗ Xuân Bình 
260 |a H.  |b Bưu Điện  |c 2007 
300 |a 225 tr.  |b Minh họa  |c 21cm 
520 3 |a Giới thiệu về khái niệm giao dịch điện tử, an toàn và sự cần thiết áp dụng kỹ thuật mật mã trong giao dịch điện tử; sơ lược về các kỹ thuật mật mã; khái quát - phân loại - kỹ thuật tạo - ứng dụng - các chuẩn của chữ ký số hiện hành; trình bày về chứng chỉ số, phân loại, thông tin, một số vấn đề liên quan; chi tiết về cơ sợ hạ tầng khoá công khai (PKI); ứng dụng của chữ ký số, chứng chỉ số, cơ sở hạ tầng khoá công khai 
653 |a Công nghệ thông tin 
942 |2 ddc  |c BK 
952 |0 0  |1 0  |2 ddc  |4 0  |6 005_820000000000000_B312  |7 0  |9 26629  |a 000001  |b 000001  |d 2023-01-13  |o 005.82 B312  |p MD.21004  |r 2023-01-13  |v 36000.00  |w 2023-01-13  |y BK 
980 |a Thư viện Trường Đại học Nam Cần Thơ